El ecosistema de los e-sports /

Detalles Bibliográficos
Autores principales: Vásquez Coleridge, Rodrigo (Autor), Gomez Torres, Leandro Sebastian (Autor)
Formato: Electrónico eBook
Lenguaje:español
Publicado: Lima, Perú : Editorial UPC, [2025]
Edición:Primera edición.
Materias:
Acceso en línea:Digitalia Hispánica

MARC

LEADER 00000nam a2200000 i 4500
001 DIGUPERCA0166
003 NyNyDIG
007 cr |||||||||||
008 251112s2025 pe ad ob 000 0 spa d
006 m o d
035 |a (OCoLC)1540980975 
040 |a DGITA  |b eng  |e rda  |e pn  |c DGITA 
020 |a 9786123185787  |q eBook  |q ePub 
020 |z 9786123185770 
024 7 |a 10.19083/978-612-318-578-7  |2 doi 
050 1 4 |a GV1469.34.E86 ebook 
100 1 |a Vásquez Coleridge, Rodrigo,  |e author. 
245 1 3 |a El ecosistema de los e-sports /  |c Rodrigo Vásquez Coleridge y Leandro Gómez Torres. 
250 |a Primera edición. 
250 |a Versión e-book. 
264 1 |a Lima, Perú :  |b Editorial UPC,  |c [2025] 
300 |a 1 online resource :  |b illustrations, charts. 
336 |a text  |b txt  |2 rdacontent 
337 |a computer  |b c  |2 rdamedia 
338 |a online resource  |b cr  |2 rdacarrier 
347 |a text file  |2 rdaft 
347 |b EPUB 
504 |a Includes bibliographical references. 
588 0 |a Online resource; title from ePub title page (Digitalia, viewed November 12, 2025) 
650 0 |a eSports (Contests) 
700 1 |a Gomez Torres, Leandro Sebastian,  |e author. 
791 2 |a Digitalia (Firm),  |e distributor. 
793 0 |g Digitalia eBook Collection:  |a Universidad Peruana de Ciencias Aplicadas 
776 0 8 |i Print version:  |a Vásquez Coleridge, Rodrigo.  |t Ecosistema de los e-sports.  |b Primera edición.  |d Lima, Perú : Editorial UPC, [2025]  |z 9786123185770 
856 4 0 |3 Digitalia Hispánica  |u https://www.digitaliapublishing.com/a/180990/ 
910 |a Premium collection: 2025